000 00605nam a2200241Ia 4500
003 OSt
005 20221005115821.0
006 a|||||r|||| 00| 0
007 ta
008 221004b |||||||| |||| 00| 0 mal d
024 _a59126
037 _cTextual
040 _aCRL
_cCRL
_bmal
041 _2mal
_amal
082 _aW, 32K0
100 _aGovindan Au.
_9229660
245 0 _aCommunisathilninnum munnottu
260 _c1960
650 _a POLITICAL SCIENCE
650 _aMALAYALAM LITERATURE
_938866
942 _hW, 32K0
_cTEXL
_2cc
999 _c1035994
_d1035994